Análisis de estados financieros
Na minha lista:
| Autor principal: | |
|---|---|
| Formato: | Livro |
| Idioma: | espanhol |
| Publicado em: |
Madrid
McGraw-Hill
1991
|
| Assuntos: | |
| Tags: |
Adicionar Tag
Sem tags, seja o primeiro a adicionar uma tag!
|
MARC
| LEADER | 00000nam a2200000 a 4500 | ||
|---|---|---|---|
| 001 | UCY1128 | ||
| 003 | CL-VaPUC | ||
| 008 | 940820e19910000SP |||||||||||||||||spa|d | ||
| 082 | 0 | 4 | |a 657.3 |b URI |2 21 |
| 100 | 0 | |a Urias Valiente, Jesús |e author |9 329013 | |
| 245 | 1 | 0 | |a Análisis de estados financieros |
| 300 | |a 350 p | ||
| 942 | |c BK | ||
| 945 | |d 19940820 00:00:00 |a mfernand | ||
| 260 | |a Madrid |b McGraw-Hill |c 1991 | ||
| 650 | 7 | |a ESTADOS FINANCIEROS |2 CL-VaPUC |9 329014 | |
| 650 | 0 | |a Contabilidad |9 261430 | |
| 583 | |a last modification |c 19940820 00:00:00 |k Rodrigo Vera | ||
| 999 | |c 229919 |d 229917 | ||
| 952 | |0 0 |1 0 |4 0 |6 657_300000000000000_URI_1991 |7 0 |8 A |9 231650 |a BIBGIM |b BIBGIM |d 2019-11-15 |i 2947129 |o 657.3 URI 1991 |p 2947129 |r 2025-01-15 |w 2019-11-15 |y BK |k COM | ||
| 952 | |0 0 |1 0 |4 0 |6 657_300000000000000_URI_1991 |7 0 |8 A |9 231651 |a BIBGIM |b BIBGIM |d 2019-11-15 |i 2947145 |o 657.3 URI 1991 |p 2947145 |r 2025-01-15 |w 2019-11-15 |y BK |k COM | ||
| 952 | |0 0 |1 0 |4 0 |6 657_300000000000000_URI_1991 |7 0 |8 A |9 231652 |a BIBGIM |b BIBGIM |d 2019-11-15 |i 3144992 |o 657.3 URI 1991 |p 3144992 |r 2025-01-15 |w 2019-11-15 |y BK |k COM | ||